Nine Letter Words A-Z - Statistics

General Stats
  • This quiz has been taken 85 times
  • The average score is 15 of 26
Answer Stats
Hint Answer % Correct
J sea creature that stings jellyfish
96%
A every skier's nightmare avalanche
89%
L generally driven by a chauffeur limousine
84%
G plant grown for winemaking grapevine
79%
X wooden version of a glockenspiel xylophone
79%
F how often something occurs within a set time frequency
78%
Q multiply by four quadruple
78%
O move back and forth; vibrate oscillate
73%
U final warning ultimatum
73%
B very small fruit blueberry
67%
S played by the final four of a knockout competition semifinal
67%
E study of the history of words etymology
66%
I a collapse, violently inwards implosion
64%
P nicknamed a Bobby in Britain policeman
64%
T used for a short period only temporary
64%
Z element 40 with symbol Zr zirconium
64%
C naval officer rank commander
59%
V cycle racing track velodrome
52%
H ______ Rhapsody by Franz Liszt Hungarian
51%
W Olympic sport wrestling
42%
Y Rock & Roll Hall of Fame group The {Yardbirds}
29%
D switch of allegiance defection
25%
R city, pop 1 mil, on Lake Ontario Rochester
25%
K plural of kibbutz kibbutzim
23%
M capital city known locally as Xamar Mogadishu
12%
N New Zealand's northernmost region Northland
7%
No matching quizzes found
Score Distribution
Percent of People with Each Score
Percentile by Number Answered
Your Score History
You have not taken this quiz